000 nam a22 7a 4500
999 _c28609
_d28609
008 170309b xxu||||| |||| 00| 0 eng d
020 _a9780470945704
050 _aGE 70 .R38 2012
100 _aRaven, Peter H.
245 _aEnvironment/
_cPeter H. Raven; David M. Hassenzahl; Linda R. Berg
250 _a8th ed.
260 _aNew Jersey:
_bJohn Wiley & Sons,
_c2012.
300 _axxi, 516 (45)p.:
_bill.;
_c28cm.
521 _aIncludes index.
942 _2lcc
_cBOOKS
_hGE 70 .R38 2012